Monthly statement of the public debt of the United States.

Bibliographic Details
New Title:Monthly statement of treasury securities of the United States (Online)
Previous Title:Daily statement of the United States Treasury (Monthly)
Format: Government Document Serial
Language:English
Published: [Washington, D.C.] : Department of the Treasury, 1974-2000.
Subjects:
Online Access:https://purl.fdlp.gov/GPO/gpo39334

MARC

Tag First Indicator Second Indicator Subfields
LEADER 00000cas a2200000 i 4500
001 in00003420522
005 20211120171528.0
006 m o |
007 cr |||||||||||
008 101222d19742000dcu|| |o f| 0eng c
010 |a  2013231061 
019 |a 85449121 
035 |a (OCoLC)ocn694114601 
040 |a OCLCE  |b eng  |e rda  |e pn  |c OCLCE  |d OCLCQ  |d OCLCA  |d OCLCQ  |d OCLCA  |d OCLCS  |d LGG  |d GPO  |d MvI  |d UtOrBLW 
042 |a pcc  |a dlr 
043 |a n-us--- 
049 |a WWW 
074 |a 0923-A-02 (online) 
074 |a 0970-A-11 (online) 
086 0 |a T 1.5/3: 
086 0 |a T 63.215: 
245 0 0 |a Monthly statement of the public debt of the United States. 
264 1 |a [Washington, D.C.] :  |b Department of the Treasury,  |c 1974-2000. 
300 |a 1 online resource 
310 |a Monthly 
336 |a text  |b txt  |2 rdacontent 
337 |a computer  |b c  |2 rdamedia 
338 |a online resource  |b cr  |2 rdacarrier 
362 1 |a Began with: July 31, 1974; ceased with: December 31, 2000. 
500 |a Some volumes distributed to depository libraries in microfiche. 
588 |a Description based on: July 31, 1974; title from title screen (viewed Aug. 22, 2013). 
588 |a Latest issue consulted: December 31, 2000 (viewed Aug. 22, 2013). 
650 0 |a Debts, Public  |z United States  |v Periodicals. 
650 0 |a Finance, Public  |z United States  |v Periodicals. 
651 0 |a United States  |x Appropriations and expenditures  |v Periodicals. 
710 1 |a United States.  |b Bureau of the Public Debt,  |e issuing body. 
710 1 |a United States.  |b Department of the Treasury,  |e issuing body. 
776 0 8 |i Print version:  |t Monthly statement of the public debt of the United States  |x 0364-1015  |w (DLC)sn 88040021  |w (OCoLC)5514941 
776 0 8 |i Microfiche version:  |t Monthly statement of the public debt of the United States  |w (OCoLC)21122974 
780 0 0 |t Daily statement of the United States Treasury (Monthly)  |w (DLC) 2013231060  |w (OCoLC)856584952 
785 0 0 |t Monthly statement of treasury securities of the United States (Online)  |w (DLC) 2001230928  |w (OCoLC)46379135 
856 4 0 |u https://purl.fdlp.gov/GPO/gpo39334  |t 0 
999 |a MARS 
999 f f |s 5e0144f3-011b-3bcf-bc5e-c82bc7b8538f  |i 22af282b-4c75-3144-84b8-0384123ec4ef  |t 0 
952 f f |a Texas A&M University  |b College Station  |c Electronic Resources  |d Available Online  |t 0  |e T 63.215:  |h Superintendent of Documents classification 
998 f f |a T 63.215:  |t 0  |l Available Online